000 00442nam a2200181Ia 4500
008 230524s9999 xx 000 0 und d
020 _a9788120332003
082 _a4
_bRAJ
100 _aV.Rajaraman
_92240
245 0 _aComputer Organisation and Architecture
250 _aIST
260 _aNEW DELHI
_bPHI
_c2007
300 _aX;493
500 _aQuantity Number: 15
650 _aComp-Sc
700 _a T.Radhakrishnan
942 _cBK
999 _c46428
_d46428